| 000 | 08343nam a22006977a 4500 | ||
|---|---|---|---|
| 005 | 20100723100918.0 | ||
| 010 | _aHIN-89792 B-432694-729 | ||
| 020 |
_c95.00 _a9788128825576 |
||
| 035 | _aHN-62138 | ||
| 035 | _aB-432694-729 | ||
| 037 | _bDBAD/PUB | ||
| 037 | _bबल्यू बैरी | ||
| 082 | _aक | ||
| 100 |
_aमहाजन, उषा _9909 |
||
| 245 |
_a21 श्रेष्ठ कहानियाँ / _cउषा महाजन |
||
| 246 |
_aIkkees shreshtha kahanian _bby Usha Mahajan |
||
| 260 |
_aनई दिल्ली _bडायमंड पॉकेट बुक्स _c2010 |
||
| 270 |
_aX-30,ओखला इंडस्ट्रियल एरिया, फेज-II _bनई दिल्ली _e110020 _k011-40712100, 41611861 _l011-41611866 _msales@dpb.in |
||
| 300 |
_a172पृ. _bसचित्र _c22सेमी (अजिल्द) |
||
| 650 |
_aलधु कथएँ, हिन्दी _928267 |
||
| 650 |
_ashort stories, hindi _928268 |
||
| 942 |
_2ddc _cHN _hक _mमहाज |
||
| 999 |
_c37322 _d37322 |
||